000 00611 a2200193 4500
999 _c1929
_d1929
020 _a0748735143
050 0 0 _aLB 1025.3 KYR 1998
100 1 _aKyriacou, Chris.
_eauthor
245 1 0 _aEssential teaching skills /
_cChris Kyriacou.
250 _a2nd ed.
264 _aCheltenham:
_bStanley Thornes,
_c1998
300 _aiv, 139p. :
_bill.
500 _aIncludes index
504 _aIncludes bibliographical references
650 0 _aTeaching.
650 0 _aClassroom management.
942 _2lcc
_cBK
_h1025.3
_iKYR
_kLB